ՀՀ Գիտությունների ազգային ակադեմիայի հիմնարար գիտական գրադարան  =   Fundamental Scientific Library of NAS RA

Объяснительный словарь татарских, грузинских и армянских слов, вошедших в материалы для изучения экономического быта государственных крестьян Закавказского края / (Record no. 473167)

MARC details
000 -LEADER
fixed length control field 01120nam a2200217 a 4500
001 - CONTROL NUMBER
control field 000411041
003 - CONTROL NUMBER IDENTIFIER
control field AM-YeHGA
005 - DATE AND TIME OF LATEST TRANSACTION
control field 20250617161533.0
008 - FIXED-LENGTH DATA ELEMENTS--GENERAL INFORMATION
fixed length control field 050221s1889 ru r 000 0 rus d
040 ## - CATALOGING SOURCE
Original cataloging agency AM-YeHGA
041 0# - LANGUAGE CODE
Language code of text/sound track or separate title rus
-- arm
-- geo
090 ## - LOCALLY ASSIGNED LC-TYPE CALL NUMBER (OCLC); LOCAL CALL NUMBER (RLIN)
-- 476432
100 1# - MAIN ENTRY--PERSONAL NAME
Personal name Зелинский, Степан Павлович
245 10 - TITLE STATEMENT
Title Объяснительный словарь татарских, грузинских и армянских слов, вошедших в материалы для изучения экономического быта государственных крестьян Закавказского края /
Statement of responsibility, etc. Сост. С.П.Зелинский.
246 3# - VARYING FORM OF TITLE
Title proper/short title Свод материалов по изучению экономического быта государственных крестьян Закавказского края.
260 ## - PUBLICATION, DISTRIBUTION, ETC.
Place of publication, distribution, etc. Тифлис :
Name of publisher, distributor, etc. Тип. Т.М.Ротинианца,
Date of publication, distribution, etc. 1889.
300 ## - PHYSICAL DESCRIPTION
Extent VIII, 165 с. ;
Dimensions 27 см.
650 14 - SUBJECT ADDED ENTRY--TOPICAL TERM
Topical term or geographic name entry element Языкознание
650 14 - SUBJECT ADDED ENTRY--TOPICAL TERM
Topical term or geographic name entry element Грузинский язык
650 14 - SUBJECT ADDED ENTRY--TOPICAL TERM
Topical term or geographic name entry element Татарский язык
Holdings
Withdrawn status Lost status Damaged status Not for loan Collection Home library Current library Date acquired Total checkouts Full call number Barcode Date last seen Price effective from Koha item type Public note
        General Fundamental Scientific Library Fundamental Scientific Library 02/07/2018   РД III/9761 FL0509950 02/07/2018 02/07/2018 Գրքեր / Books 30 Days Loan


ՀՀ ԳԱԱ հիմնարար գիտական գրադարան
ՀՀ,Երևան 0019
Մարշալ Բաղրամյան 24/6
հեռախոս:(374-10) 52-47-50
Հետադարձ կապ

All site content, except where otherwise noted, is licensed under a
Creative Commons License